000 00745cam a2200181 4500
001 WS118035
008 020517n 000 0 eng u
035 _a(Sirsi) u118035
110 _aGeneral Council of the Bar
_9691
245 _aBar Council
520 _aWeb site for the regulatory and representative body for barristers in England and Wales. Includes pages describing the work done by barristers, details of their code of conduct and advice on how to instruct a barrister and how to bring complaints against them.
650 _aORGANISATION
650 _aBARRISTERS
650 _aCODE OF CONDUCT
690 _aLAW
856 4 0 _uhttps://www.barcouncil.org.uk
_zView the website free of charge at www.barcouncil.org.uk...
942 _n0
999 _c120050
_d120050